000 00309nam a22001337a 4500
008 171002b xxu||||| |||| 00| 0 eng d
020 _a1568025130
041 _aeng
080 _a37
100 _a47
101 _aEDU
245 _aTHE STRATEGIC PERSPECTIVE IN THE CLASSROOM
_cBENNETT,D.S
942 _2udc
_cBK
999 _c31148
_d31148